<?xml version="1.0" encoding="UTF-8"?>
<record
    xmlns:xsi="http://www.w3.org/2001/XMLSchema-instance"
    xsi:schemaLocation="http://www.loc.gov/MARC21/slim http://www.loc.gov/standards/marcxml/schema/MARC21slim.xsd"
    xmlns="http://www.loc.gov/MARC21/slim">

  <leader>01004nam a22001577a 4500</leader>
  <controlfield tag="008">180827b        xxu||||| |||| 00| 0 eng d</controlfield>
  <datafield tag="020" ind1=" " ind2=" ">
    <subfield code="a">9789988047331</subfield>
  </datafield>
  <datafield tag="050" ind1=" " ind2=" ">
    <subfield code="a">DT512.3.F67</subfield>
  </datafield>
  <datafield tag="100" ind1=" " ind2=" ">
    <subfield code="a">Fordwor, Kantinka Kwame Donkor.</subfield>
  </datafield>
  <datafield tag="245" ind1=" " ind2=" ">
    <subfield code="a">Perseverance conquers all: the autobiography of Kantinka Kwame Donkor Fordwor. /</subfield>
  </datafield>
  <datafield tag="260" ind1=" " ind2=" ">
    <subfield code="a">Accra :</subfield>
    <subfield code="b">Winmat publishers Ltd.,</subfield>
    <subfield code="c">2017.</subfield>
  </datafield>
  <datafield tag="300" ind1=" " ind2=" ">
    <subfield code="a">xvi, 390p. :</subfield>
    <subfield code="b">ill. ;</subfield>
    <subfield code="c">24 cm.</subfield>
  </datafield>
  <datafield tag="500" ind1=" " ind2=" ">
    <subfield code="a">Includes Index.</subfield>
  </datafield>
  <datafield tag="505" ind1=" " ind2=" ">
    <subfield code="a">Contents: Introduction a summary of my profile -- The early years -- St. Augustine's College and Kumasi College of Technology -- My marriage to Ms.Cecelia Osei -- Wharton Graduate School of Finance and Graduate School of Arts and Science -- My employment with IFC, Ghana Government  and AfDB -- Consultancy and self-employment -- My political philosophy --  Ghana National Petroleum Corporation --  A family man, a good samaritan and a marshallan -- My relationship with Manhyia Palace -- Awards and honours -- Epilogue.</subfield>
  </datafield>
  <datafield tag="942" ind1=" " ind2=" ">
    <subfield code="2">lcc</subfield>
    <subfield code="c">BK</subfield>
  </datafield>
  <datafield tag="999" ind1=" " ind2=" ">
    <subfield code="c">6699</subfield>
    <subfield code="d">14199</subfield>
  </datafield>
  <datafield tag="952" ind1=" " ind2=" ">
    <subfield code="0">0</subfield>
    <subfield code="1">0</subfield>
    <subfield code="2">lcc</subfield>
    <subfield code="4">0</subfield>
    <subfield code="7">0</subfield>
    <subfield code="a">WIUC-1</subfield>
    <subfield code="b">WIUC-1</subfield>
    <subfield code="c">SPECIAL REF</subfield>
    <subfield code="d">2018-08-27</subfield>
    <subfield code="l">0</subfield>
    <subfield code="o">DT512.3.F67</subfield>
    <subfield code="p">8208/026/18</subfield>
    <subfield code="r">2018-08-27 00:00:00</subfield>
    <subfield code="t">1</subfield>
    <subfield code="w">2018-08-27</subfield>
    <subfield code="y">BK</subfield>
  </datafield>
</record>
